Evaluation of the reality of groundwater quality in rural areas in Dong Nai province and solutions :Master thesis - International Master in Environmental Sciences and Management

Guardat en:
Dades bibliogràfiques
Autor principal: Hoang Anh Tuan
Format: Luận văn
Idioma:Undetermined
Publicat: Trường Đại học Công nghiệp Tp. Hồ Chí Minh 2014
Matèries:
Etiquetes: Afegir etiqueta
Sense etiquetes, Sigues el primer a etiquetar aquest registre!
Thư viện lưu trữ: Trung tâm Thư viện - Trường Đại học Công nghiệp TP. Hồ Chí Minh
LEADER 00672nam a2200157Ia 4500
001 UIH_01675
008 230809s9999 xx 000 0 und d
082 |a 628114 
100 |a Hoang Anh Tuan 
245 0 |a Evaluation of the reality of groundwater quality in rural areas in Dong Nai province and solutions :Master thesis - International Master in Environmental Sciences and Management 
245 0 |c Hoang Anh Tuan 
260 |b Trường Đại học Công nghiệp Tp. Hồ Chí Minh 
260 |c 2014 
650 |a Quản lý môi trường 
927 |a Luận văn 
980 |a Trung tâm Thư viện - Trường Đại học Công nghiệp TP. Hồ Chí Minh